000 00388nam a2200133 4500
999 _c508117
_d508117
008 190312b ||||| |||| 00| 0 eng d
100 _aMishra, Meena
_93197
245 _aParyaavaran vikas tath niyaamakeey sansthaon kee bhoomika: granth suchhi
260 _c2018
300 _ap.290-311.
773 _aLok Prashasan
906 _aEnvironment - India - Bibliography
942 _2ddc
_cAR